000 00634nam a2200229Ia 4500
003 OSt
005 20220926044351.0
006 a|||||r|||| 00| 0
007 ta
008 220923b |||||||| |||| 00| 0 eng d
037 _cGeneral Book
040 _aRTL
_cRTL
_beng
041 _2eng
_aeng
082 _aV73:71.N5, J5
100 _aJackson Robert H
_9114890
245 0 _aSupreme court in the American system of government
260 _c1955
490 _aGodkin Lectures
650 _aConstitution United States
_9240337
942 _hV73:71.N5, J5
_cGB
_2CC
999 _c674669
_d674669